000 00708nam a22002057a 4500
005 20180830101954.0
010 _aENG-123892
020 _c399.00
_a9788183226608
035 _aEN-107424
037 _bDBAD/PUB
082 _a230.68
100 _aChiruvolu, Sarada
245 _aHome at last:
_cby Sarada Chiruvolu; forwarded by Amma Karunamayi
_ba journey to higher consciousness /
260 _c2017
_aNew Delhi
_bManjul Publishing House (P) Ltd.
270 _a7/32, Ansari Road, Daryaganj,
_bNew Delhi
_e110002
300 _c23cm.(pbk.)
_axxi,197p.
_bill.(pictures)
500 _aIt includes endnotes and bibliography
700 _a Amma Karunamayi
942 _cEN
_2ddc
_mCHI
_h230.68
999 _c156558
_d156558